SULTAN ABDUL HAMID II : SULTAN TERAKHIR EMPAYAR UTHMANIYYAH

Bibliographic Details
Main Author: Abdul Latip Talib (Author)
Format: Book
Published: Batu Caves, Selangor : PTS PUBLISHING HOUSE SENDIRIAN BERHAD 2016
Subjects:

MARC

LEADER 00000cam a2200000 7i4500
001 0000122132
005 20170322.0
008 170322s2016my g b0100a bm
020 |a 9789674118532 
040 |a PERPUSTAM   |b eng   |c PERPUSTAM   |e rda 
090 0 0 |a 920.0595   |b ALT 
100 0 |a Abdul Latip Talib ,   |e author 
245 0 0 |a SULTAN ABDUL HAMID II :   |b SULTAN TERAKHIR EMPAYAR UTHMANIYYAH   |c ABDUL LATIP TALIB 
264 1 |a Batu Caves, Selangor :   |b PTS PUBLISHING HOUSE SENDIRIAN BERHAD   |c 2016 
300 |a 331 pages ;   |c 22 cm. 
336 |a text, rdacontent 
337 |a unmediated  |2 rdamedia 
338 |a volume  |2 rdacarrier 
500 |a Includes bibliographical references 
650 0 0 |a Abdul Hamid   |y II   |x Sultan of the Turks   |y 1842-1918 
650 0 0 |a Islamic stories, Malay 
999 |a 0000426543   |b Buku   |c Rak Terbuka   |e Perbadanan Perpustakaan Awam Melaka 
999 |a 0000426544   |b Buku   |c Rak Terbuka   |e Perpustakaan Cawangan Jasin 
999 |a 0000426545   |b Buku   |c Rak Terbuka   |e Perpustakaan Cawangan Masjid Tanah 
999 |a 0000426546   |b Buku   |c Rak Terbuka   |e Perpustakaan Cawangan Merlimau 
999 |a 0000426547   |b Buku   |c Rak Terbuka   |e Perbadanan Perpustakaan Awam Melaka 
999 |a 0000426548   |b Buku   |c Rak Terbuka   |e Perbadanan Perpustakaan Awam Melaka 
999 |a 0000426549   |b Buku   |c Rak Terbuka   |e Perbadanan Perpustakaan Awam Melaka 
999 |a 0000426550   |b Buku   |c Rak Terbuka   |e Perbadanan Perpustakaan Awam Melaka 
999 |a 0000426551   |b Buku   |c Rak Terbuka   |e Perpustakaan Komuniti UTC Melaka